Význam a využitie manažérskych reportov v podniku diplomová práca

Enregistré dans:
Détails bibliographiques
Auteur principal: Majzúnová, Nikola
Collectivité auteur: Fakulta podnikového manažmentu EU. Katedra podnikovohospodárska
Autres auteurs: Foltínová, Alžbeta
Format: Livre
Langue:slovaque
Publié: Bratislava 2013
Tags: Ajouter un tag
Pas de tags, Soyez le premier à ajouter un tag!

MARC

LEADER 00000nbm a2200000 4500
001 0170714
005 20161109102405.8
041 0 |a slo 
044 |a SK 
245 1 0 |a Význam a využitie manažérskych reportov v podniku  |b diplomová práca  |c Nikola Majzúnová ; školiteľ: Alžbeta Foltínová 
264 1 |a Bratislava  |c 2013 
300 |a 63 s. 
100 1 |a Majzúnová, Nikola 
700 1 |a Foltínová, Alžbeta 
710 2 |a Fakulta podnikového manažmentu EU. Katedra podnikovohospodárska